| 000 | 00446nab a2200145Ia 4500 | ||
|---|---|---|---|
| 003 | ES-SlBCS | ||
| 005 | 20210601135547.0 | ||
| 008 | 140529s2012 xxu||||| |||| 00| 0 spa d | ||
| 041 | _aspa | ||
| 100 | 1 |
_aFuente, Ángel de la _9233882 |
|
| 245 | 0 | 0 |
_aSobre el pacto fiscal y el sistema de concierto _c Ángel de la Fuente |
| 650 | 0 | 4 |
_aEconomía _918303 |
| 773 | 0 |
_tClaves de Razón Práctica _gnº. 223, 2012, págs. 96-109 _wRev1103 |
|
| 942 | _cAR | ||
| 999 |
_c630169 _d630169 |
||